00437 2200157 4500001002100000005001500021035002000036245007800056100003100134300002700165260003100192082000800223084001400231020002200245990001200267INLIS00000000000268320250904031653 a0010-09250000301 aYuk, Sadar & Siap Hadapi Pandemi /cDr. Ronald Irwanto Natadidjaja, Sp.Pd0 aRonald Irwanto Natadidjaja a58 hlm ;c14,5 x 21 cm aJakarta :bErlangga,c2022 a600 a600 RON y a978-623-266-527-9 a0755339